Vliv úhlu vyseknutí zkušebního tělesa na zjišťovanou hodnotu pevnosti dopravního pásu

Podrobná bibliografia
Hlavní autori: Pokluda, Ivo (Autor), Klásková, Marie (Autor)
Médium: Článok
Jazyk:čeština
PhysicalDescription:Obr. 1. Tb. 1. Graf 1.
Predmet:

MARC

LEADER 00000nab a2200000 a 4500
001 vtls000398471
003 SK-MaSNL
005 20260302231642.0
008 160201c1989 xo 0 cze
015 |a SNBRA19rr/mm-uuuuu 
035 |a CL0398595 
040 |a SNKBUCL  |b slo  |c SNKBUCL  |e AACR2 
041 0 |a cze 
044 |a xo  |c SK 
080 |a 678.06:621.867.2:620.17  |2 1981 
080 |a 621.867.2  |2 1981 
080 |a 620.17  |2 1981 
100 1 |a Pokluda, Ivo  |4 aut  |9 962720 
245 1 0 |a Vliv úhlu vyseknutí zkušebního tělesa na zjišťovanou hodnotu pevnosti dopravního pásu  |c Ivo Pokluda, Marie Klásková 
300 |b Obr. 1. Tb. 1. Graf 1. 
650 0 7 |a pásy dopravné  |2 snkbucl  |9 943334 
650 0 7 |a pevnosť  |2 snkbucl  |9 1636 
655 7 |a články zo zborníkov  |2 snkbucl  |9 166140 
700 1 |a Klásková, Marie  |4 aut  |9 962721 
773 0 |t Ôsme dni novej techniky š.p. Gumárne 1. mája Púchov  |d Žilina : Dom techniky ČSVTS, 1989  |g S. 58-66 
850 |a Slovenská národná knižnica v Martine  |a MTA001 
852 |a SNK  |b KIS3GCP 
958 |a RK 
958 |a CZ 
992 |a RZB 
999 |c 1539621  |d 1541551